000 00279nam a22001337a 4500
008 180119b xxu||||| |||| 00| 0 eng d
020 _a9781305772229
041 _aeng
080 _a510
100 _a36
101 _aMAT
245 _aPre-Calculus
_cStewart
942 _2udc
_cBK
999 _c40596
_d40596